000 00803nam a2200181 a 4500
001 000035090
005 20200930074110.0
008 111025s1909 sp 000 0 spa d
040 _aDO-SdBNP
_bspa
_cBNPHU
082 _axxxx
_bA816p
100 1 _aAsensio Más, Ramón,
_d[1878-1917]
_960750
245 1 3 _aLa pajarera nacional :
_bbrevista cómico-lírico-volatil en un acto, dividido en tres cuadros, en prosa y verso /
_cRamón Asensio Mas y Joaquín González Pastor ; música Foglietti y Córdoba.
260 _aMadrid :
_bB. Velasco, imp., Marqués de Santa Ana,
_c1909.
300 _a47 p. ;
_c20 cm.
500 _aEstrenada en el Teatro de Novedades la noche del 10 de julio de 1909.
700 1 2 _aGonzález Pastor, Joaquín
_960751
700 1 2 _aFoglietti Alberola, Luis,
_d[1877-1918]
_emús.
_960752
999 _c34581
_d34581